| 000 | 01031nam a2200241 a 4500 | ||
|---|---|---|---|
| 001 | 000012165 | ||
| 005 | 20250211105815.0 | ||
| 008 | 091106s2007 dr a 000 0 spa d | ||
| 020 | _a9789993459071 | ||
| 040 |
_aDO-SdBNP _bspa _cBNPHU |
||
| 082 |
_a338.47 _bA838m |
||
| 245 | 0 | 1 |
_aAspectos metodológicos para el establecimiento y fortalecimiento de cadenas agroalimentarias, (CLUSTERS) : _bel caso del café en la República Dominicana / _cedición Teófilo Suriel E. |
| 260 |
_aSanto Domingo : _bCentro para el Desarrollo Agropecuario y Forestal, _c2007. |
||
| 300 |
_a86 P. : _bil. ; _c28 cm. |
||
| 650 | 4 |
_aIndustria del café _928757 |
|
| 650 | 4 |
_aCafé _xMercadeo _xEstadística _928758 |
|
| 650 | 0 |
_aAgricultura - _xAspectos económicos _930596 |
|
| 650 | 4 |
_aAdministración de la producción _xEstadística _928759 |
|
| 650 | 4 |
_aIndustrias agropecuarias _xPlanificación _vMETODOLOGÍA _928760 |
|
| 700 | 1 |
_aSuriel E., Teófilo, _ced. _928761 |
|
| 710 | 2 |
_aCentro Internacional de Agricultura Tropical _928762 |
|
| 049 | _aBNPD | ||
| 999 |
_c11830 _d11830 |
||